000 00885nam0a22002531 4500
001 RU\NLR\INFOCOMM10\ROSSICA\1000004657
005 20250613192359.0
035 _a(NLR Aleph) 009950487
090 _a10786176
_c10786176
100 _a20030519d1742 |||y0rusy50 ca
101 0 _ager
102 _aRU
105 _ay ||||000ay
200 1 _aDie gekrönte Hoffnung des Russischen Kayserthums wurde in dem Feste der Krönung der grossen Frauen Elisabeth Petrowna bey einer Zusammenkunfft der Academie der Wissenschaften zu St.Petersburg den 29.Apr.1742 in einer gebundenen Rede erkläret
_fJunker, Gottl.Fr.Wilh.
210 _aSt.Petersburg
_d1742
215 _dfol.
700 1 _aJunker
_bG.F.W.
_gGottl.Fr.Wilh.
_4070
801 1 _aRU
_bInfoComm
_c20030519
801 0 _aRU
_bNLR
_gPSBO
852 _aNLR
_j13.8.1.302
942 _cBOOK
980 _aNB
980 _aRossica